Náboženstvo a súčasná kríza kapitalizmu

Bibliographic Details
Main Author: Arnou, André (Author)
Format: Book
Language:Slovak
PhysicalDescription:35 s. 21 cm
Published: [S.l. s.n. 1975]
Subjects:

MARC

LEADER 00000nam a2200000 a 4500
001 vtls001301391
003 SK-MaSNL
005 20260301004849.0
008 240313s1975 xo 0 slo
035 |a SNK000253406 
040 |a SNK  |b slo  |c SNK  |e AACR2 
044 |a xo  |c SK 
080 |a 330.342.14:211  |2 1981 
100 1 |a Arnou, André  |4 aut  |9 288312 
245 1 |a Náboženstvo a súčasná kríza kapitalizmu  |c Andrej Arnou ; [preložené z franc. orig.] 
260 |a [S.l.  |b s.n.  |c 1975] 
300 |a 35 s.  |c 21 cm 
650 0 7 |a náboženstvo  |x kapitalizmus  |x kríza  |x brožúry  |2 SNK  |9 288313 
958 |a OND 
999 |c 543518  |d 545448 
952 |t P60, <03>, [BOOK], {603}  |a SNK  |b SNK  |y PREZ  |7 0  |p 17A0092925  |o snkSC 70616  |i snkD 1085/97  |0 0  |1 0  |4 0  |d 1997-09-05  |l 0  |r 2025-07-21 00:00:00  |w 2026-02-23